Statistics for Districts of Djibouti with a Map

Click here to take the quiz!

General Stats

  • This quiz has been taken 86 times
  • The average score is 11 of 20

Answers on the Map

Answers color-coded by a green-red scale on the quiz's map according to % correct below.
 

Answer Stats

Districts% Correct
Djibouti
98%
Tadjourah
65%
Obock
63%
Arta
62%
Ali Sabieh
60%
Dikhil
60%
Holhol
52%
Randa
52%
Dorra
50%
Yoboki
50%
Ali Adde
48%
Galafi
48%
Moulhoule
48%
'Adaylou
47%
As Eyla
47%
Balho
47%
Dadda'to
47%
Khor Angar
47%
Lac 'Assal
47%
Mousa Ali
47%

Score Distribution

Percentile by Number Answered

Percent of People with Each Score

Your Score History

You have not taken this quiz